000 00308 a2200133 4500
001 155846
040 _cEscola São Tomás de Aquino
100 _aFLORES, Nina
240 1 0 _aA árvore de Julinha
_lpor
245 1 0 _aA árvore de Julinha
362 0 _a2013
697 _aFILOSOFIA E PSICOLOGIA
942 _cBK
999 _c155846
_d155846